Sigmas only - Quiz - Statistics

General Stats
  • This quiz has been taken 189 times
  • The average score is 7 of 15
Answer Stats
Fill in the Blank Blank % Correct
Sticking out your _ for the rizzler Gyatt
93%
What’s 9 + 10? _ 21
76%
What the _ doin? Dog
68%
From the screen to the ring to the _ to the _ Pen King
62%
Sigma, Sigma on the wall who’s the _ of them all Skibidiest
62%
Oh the weather outside is _ rizzy
58%
Do a _ ! Flip
56%
_ _ , boy Sigma Sigma
54%
Yeah you gotta give him that _ _ Hawk tuah
47%
One, two _ _ _, three four Buckle my shoe
46%
Lingan _ _ Guli guli
32%
Wait, they don’t _ _ _ _ _ _ love you like I love you
28%
Mama a _ _ _ girl behind you
25%
Döner Kebab Nacho, _ _ Alejandro Garnacho
20%
Skibidi _ _ _ _ _ Dop dop dop yes yes
17%
No matching quizzes found
Score Distribution
Percent of People with Each Score
Percentile by Number Answered
Your Score History
You have not taken this quiz